000 00397nam a22001697a 4500
003 OSt
005 20211210100038.0
008 211210b |||||||| |||| 00| 0 eng d
020 _a9789352864362
040 _chu
082 _a550,
100 _aedward j, tarbuck
_922598
245 _afoundations of earth science
260 _anew delhi
_bhall
_c2018
300 _a534
942 _2ddc
_cBOOKS
_n0
999 _c22230
_d22230